Statistics for Name that Polygon

Click here to take the quiz!

General Stats

  • This quiz has been taken 411 times
  • The average score is 8 of 14

Answer Stats

Hint Answer % Correct
6Hexagon
97%
5Pentagon
96%
8Octagon
94%
10Decagon
89%
7Heptagon
86%
9Nonagon
83%
4Square
82%
12Dodecagon
66%
3Equilateral Triangle
34%
13Tridecagon
33%
11Hendecagon
28%
15Pentadecagon
25%
14Tetradecagon
17%
20Icosagon
12%

Score Distribution

Percentile by Number Answered

Percent of People with Each Score

Your Score History

You have not taken this quiz